E-jurnal ilmiah di Malaysia : status dan sikap ahli akademik /
Saved in:
| Main Author: | |
|---|---|
| Format: | Thesis Book |
| Language: | Malay |
| Published: |
2000.
|
| Subjects: | |
| Online Access: | http://dspace.fsktm.um.edu.my/handle/1812/649 http://studentsrepo.um.edu.my/id/eprint/2931 |
| Tags: |
Add Tag
No Tags, Be the first to tag this record!
|
| LEADER | 01109cam a2200277 a 4500 | ||
|---|---|---|---|
| 001 | u493208 | ||
| 003 | SIRSI | ||
| 008 | 910521s2000 my t 00 1 may m | ||
| 035 | |a ACS-3419 | ||
| 040 | |a UMM | ||
| 043 | |a a-my--- | ||
| 090 | |a Z674 |b UM 2000 Rooh | ||
| 100 | 0 | 0 | |a Roosfa Hashim. |
| 245 | 1 | 0 | |a E-jurnal ilmiah di Malaysia : |b status dan sikap ahli akademik / |c Roosfa bin Hashim. |
| 260 | |c 2000. | ||
| 300 | |a viii, 84 leaves : |b ill. ; |c 29 cm. | ||
| 502 | |a Dissertation (M.L.I.S.) -- Fakulti Sains Komputer dan Teknologi Maklumat, Universiti Malaya, 2000. | ||
| 504 | |a Bibliography: leaves 79-84. | ||
| 650 | 0 | |a Electronic journals |z Malaysia | |
| 710 | 2 | 0 | |a Universiti Malaya. |b Fakulti Sains Komputer dan Teknologi Maklumat. |
| 856 | 4 | 1 | |u http://dspace.fsktm.um.edu.my/handle/1812/649 |
| 856 | 4 | 1 | |u http://studentsrepo.um.edu.my/id/eprint/2931 |
| 948 | |a 28/12/2001 |b 13/06/2002 | ||
| 596 | |a 1 16 | ||
| 999 | |a Z674 UM 2000 ROOH |w LC |c 1 |i A510643691 |d 2/10/2013 |e 2/10/2013 |l STACKS |m P01UTAMA |n 6 |r Y |s Y |t TESIS |u 14/2/2002 | ||
| 999 | |a Z674 UM 2000 ROOH |w LC |c 1 |i A511730219 |l STACKS |m P16SKTM |r Y |s Y |t TESIS |u 4/10/2005 | ||
